000
00309nam a2200097Ia 4500
082
_a
630|HUBS
245
0
_a
Successful smallholding : planning, starting and managing your enterprise
100
_a
Hobson, J. C. Jeremy Ramsbury, 2009
_9
46691
942
_c
BK
008
210817s9999 xx 000 0 und d
999
_c
153315
_d
153313